| 000 | 00574nam a2200181Ia 4500 | ||
|---|---|---|---|
| 001 | 16364 | ||
| 005 | 20260306170304.0 | ||
| 008 | 260306t2016||||xx |||||||||||||| ||und|| | ||
| 041 | _aESP | ||
| 082 |
_a348.54 _bP42 |
||
| 100 |
_aPeña Neira, Segio _eAUT |
||
| 245 | 0 |
_aLos recursos genéticos de animales, plantas y microorganismos y su regulación iternacional y comparada: _bpropiedad intelectual, soberanía y división equitativa de beneficios |
|
| 260 | _c2016 | ||
| 300 |
_a661 páginas : _c23 cm. |
||
| 650 | _aGEN | ||
| 654 | _aCDE | ||
| 942 |
_cLIB _dJUS _fJUS _2ddc _n |
||
| 999 |
_c16364 _d16364 |
||